[Event "17. Europa ch Juvenil - Masculino s18"]
[Site "Sibenik CRO"]
[Date "2007.09.16"]
[Round "3.20"]
[White "Mitrovic, Boris"]
[Black "Dinger, Florian"]
[Result "1/2-1/2"]
[WhiteElo "2127"]
[BlackElo "2332"]
[PlyCount "144"]
[EventDate "2007.09.14"]
[EventType "swiss"]
[EventRounds "9"]
[EventCountry "CRO"]
[Source "lmi"]
[SourceDate "2007.09.14"]

1. f4 c5 2. Nf3 Nc6 3. d3 g6 4. g3 Bg7 5. Bg2 d6 6. O-O e5 7. e4 Nge7 8. Nc3
Nd4 9. Be3 O-O 10. Qd2 Rb8 11. Rae1 b5 12. Ne2 b4 13. c3 Nxf3+ 14. Bxf3 Qa5 15.
d4 bxc3 16. Qxc3 Qxa2 17. fxe5 cxd4 18. Bxd4 dxe5 19. Bxe5 Bxe5 20. Qxe5 Be6
21. Qc5 Rfe8 22. Ra1 Qxb2 23. Rxa7 Qb6 24. Rc1 Nc6 25. Qxb6 Rxb6 26. Rc7 Ne5
27. Bg2 Rd8 28. Nf4 Rd2 29. Nxe6 Rxe6 30. R7c2 Red6 31. Rxd2 Rxd2 32. h3 Kg7
33. Rf1 Re2 34. Rf2 Re3 35. Kh2 Nd3 36. Rc2 Ne1 37. Rf2 Kf8 38. Bh1 Ke7 39. Ra2
Nd3 40. Ra7+ Kf6 41. Ra6+ Ke5 42. Ra5+ Kf6 43. Ra6+ Kg7 44. Ra2 Nc1 45. Rf2 Re2
46. Rxe2 Nxe2 47. Kg2 Kf6 48. Kf3 Nd4+ 49. Ke3 Ke5 50. Bg2 Ne6 51. h4 Nc5 52.
Bf3 Nd7 53. Bd1 Nc5 54. Bf3 f6 55. Bg2 Ne6 56. Bf3 Ng7 57. Be2 Ne6 58. Bf3 Kd6
59. Bd1 Kc5 60. Bb3 Nd4 61. Bg8 h6 62. Bf7 g5 63. hxg5 hxg5 64. Kd3 Nf3 65. Ke3
Ne5 66. Be6 Nc6 67. Bf7 Kd6 68. Bh5 Ke5 69. Bf3 Nd4 70. Bd1 Ne6 71. Bf3 Ng7 72.
Bg4 Ne8 1/2-1/2

[Event "17. Europa ch Juvenil - Masculino s18"]
[Site "Sibenik CRO"]
[Date "2007.09.16"]
[Round "3.21"]
[White "Krstic, Petar"]
[Black "Rosberg, Simon"]
[Result "1-0"]
[WhiteElo "2327"]
[BlackElo "2164"]
[PlyCount "65"]
[EventDate "2007.09.14"]
[EventType "swiss"]
[EventRounds "9"]
[EventCountry "CRO"]
[Source "lmi"]
[SourceDate "2007.09.14"]

1. d4 e6 2. c4 f5 3. g3 Nf6 4. Bg2 Bb4+ 5. Nd2 O-O 6. Ngf3 d6 7. O-O Bxd2 8.
Bxd2 Qe7 9. Bb4 c5 10. dxc5 dxc5 11. Bc3 Ne4 12. Qc2 Nd7 13. Ne5 Ndf6 14. b3 b6
15. Bb2 Bb7 16. Rad1 Rad8 17. Rd3 Ng5 18. Rfd1 Bxg2 19. Kxg2 Qb7+ 20. f3 Rxd3
21. Rxd3 Nf7 22. Qc3 Qc7 23. Nd7 e5 24. Nxf8 Kxf8 25. b4 h5 26. bxc5 bxc5 27.
Rd1 Ke7 28. Qe3 Ke6 29. Ba3 Nd7 30. Rd5 Nd6 31. Qd3 e4 32. Qc3 Nb5 33. Rxd7 1-0

[Event "17. Europa ch Juvenil - Masculino s18"]
[Site "Sibenik CRO"]
[Date "2007.09.16"]
[Round "3.22"]
[White "Valner, Uku"]
[Black "Caspi, Israel"]
[Result "1/2-1/2"]
[WhiteElo "2102"]
[BlackElo "2318"]
[PlyCount "105"]
[EventDate "2007.09.14"]
[EventType "swiss"]
[EventRounds "9"]
[EventCountry "CRO"]
[Source "lmi"]
[SourceDate "2007.09.14"]

1. e4 c5 2. Nc3 d6 3. g3 Nc6 4. Bg2 g6 5. d3 Bg7 6. f4 Nf6 7. Nf3 Rb8 8. h3 O-O
9. g4 b5 10. O-O b4 11. Ne2 Nd7 12. Kh1 a5 13. Rb1 a4 14. Be3 b3 15. axb3 axb3
16. c3 e6 17. d4 Ba6 18. Re1 cxd4 19. Nexd4 Na5 20. Ra1 Nc5 21. Nc6 Nxc6 22.
Bxc5 dxc5 23. Rxa6 Qc7 24. Qe2 Rfd8 25. e5 Ne7 26. Qc4 Nd5 27. f5 Rb6 28. fxe6
Rxe6 29. Rxe6 fxe6 30. Qxb3 c4 31. Qc2 Nf4 32. Qe4 Nd3 33. Re2 Rd5 34. Qe3 Qa5
35. Qg1 Bxe5 36. Nd2 Nxb2 37. Bxd5 Qxd5+ 38. Ne4 Bxc3 39. Qg2 Be5 40. Nf2 Bg7
41. Kh2 c3 42. Qg3 h6 43. Qb8+ Kh7 44. Qc7 Qf3 45. Rc2 Qe3 46. Kg2 Nd1 47. Qb7
Qd4 48. Nxd1 Qxd1 49. Qe4 Bd4 50. Qb7+ Kg8 51. Qc8+ Kg7 52. Qc7+ Kf6 53. Qf4+
1/2-1/2

[Event "17. Europa ch Juvenil - Masculino s18"]
[Site "Sibenik CRO"]
[Date "2007.09.16"]
[Round "3.24"]
[White "Brunello, Sabino"]
[Black "Raisanen, Kim"]
[Result "1-0"]
[WhiteElo "2475"]
[BlackElo "2062"]
[PlyCount "55"]
[EventDate "2007.09.14"]
[EventType "swiss"]
[EventRounds "9"]
[EventCountry "CRO"]
[Source "lmi"]
[SourceDate "2007.09.14"]

1. e4 c5 2. Nf3 d6 3. d4 cxd4 4. Nxd4 Nf6 5. Nc3 Nc6 6. Be2 e5 7. Nf3 h6 8. O-O
Be6 9. Re1 Be7 10. h3 O-O 11. Bf1 Rc8 12. Nd5 Bxd5 13. exd5 Nb4 14. c4 a5 15.
Be3 Nh7 16. Qb3 Qd7 17. Bd2 b5 18. a3 bxc4 19. Bxc4 Rxc4 20. axb4 Rxb4 21. Bxb4
axb4 22. Qxb4 f5 23. Qb6 Nf6 24. Ra7 Qd8 25. Qb7 Re8 26. Nh4 f4 27. Rc1 Bf8 28.
Ng6 1-0

[Event "17. Europa ch Juvenil - Masculino s18"]
[Site "Sibenik CRO"]
[Date "2007.09.16"]
[Round "3.25"]
[White "Jafarli, Alizamin"]
[Black "Bitalzadeh, Ali"]
[Result "1-0"]
[WhiteElo "2174"]
[BlackElo "2389"]
[PlyCount "49"]
[EventDate "2007.09.14"]
[EventType "swiss"]
[EventRounds "9"]
[EventCountry "CRO"]
[Source "lmi"]
[SourceDate "2007.09.14"]

1. e4 c5 2. Nc3 Nc6 3. f4 e6 4. Nf3 d5 5. exd5 exd5 6. Bb5 Nge7 7. Qe2 g6 8.
Qe5 Rg8 9. O-O Bg7 10. Qe2 Kf8 11. Bxc6 bxc6 12. Qf2 Qa5 13. d3 Ba6 14. Bd2 c4
15. Ne4 Qc7 16. Nc5 Bc8 17. f5 Rh8 18. Rae1 a5 19. g4 h6 20. f6 Bxf6 21. Ne5
Ng8 22. Bf4 Kg7 23. Ned7 Qxd7 24. Nxd7 Bxd7 25. Be5 1-0

[Event "17. Europa ch Juvenil - Masculino s18"]
[Site "Sibenik CRO"]
[Date "2007.09.16"]
[Round "3.26"]
[White "Martemianov, Iaroslav"]
[Black "Musovic, Armin"]
[Result "1-0"]
[WhiteElo "2333"]
[BlackElo "2079"]
[PlyCount "69"]
[EventDate "2007.09.14"]
[EventType "swiss"]
[EventRounds "9"]
[EventCountry "CRO"]
[Source "lmi"]
[SourceDate "2007.09.14"]

1. e4 c6 2. d4 d5 3. Nd2 dxe4 4. Nxe4 Nd7 5. Bd3 Ngf6 6. Ng5 e6 7. N1f3 Bd6 8.
Qe2 Nb6 9. Bd2 h6 10. Ne4 Nxe4 11. Qxe4 Nd5 12. O-O-O b5 13. Rhe1 a5 14. Bxb5
Bd7 15. Ba4 Rb8 16. c4 Qb6 17. Qc2 Nf4 18. Bc3 Bb4 19. g3 Ng6 20. Bxb4 Qxb4 21.
a3 Qb7 22. Ne5 O-O 23. Nxd7 Qxd7 24. d5 exd5 25. cxd5 Qh3 26. dxc6 Qc8 27. h4
Qc7 28. Rd7 Qb6 29. h5 Nh8 30. c7 Rbc8 31. Kb1 Qf6 32. Ree7 g6 33. Qe4 Kg7 34.
Bc2 Qg5 35. Re5 1-0

[Event "17. Europa ch Juvenil - Masculino s18"]
[Site "Sibenik CRO"]
[Date "2007.09.16"]
[Round "3.27"]
[White "Plenca, Julijan"]
[Black "Golubenko, Valentina"]
[Result "1/2-1/2"]
[WhiteElo "2204"]
[BlackElo "2316"]
[PlyCount "61"]
[EventDate "2007.09.14"]
[EventType "swiss"]
[EventRounds "9"]
[EventCountry "CRO"]
[Source "lmi"]
[SourceDate "2007.09.14"]

1. e4 e5 2. Nf3 Nc6 3. Bc4 Nf6 4. d3 Be7 5. O-O O-O 6. Re1 d6 7. c3 Bg4 8. h3
Bh5 9. Nbd2 d5 10. exd5 Nxd5 11. Nf1 Re8 12. Ng3 Bg6 13. Nxe5 Nxe5 14. Rxe5 Nb6
15. Be3 Nxc4 16. dxc4 Bd6 17. Rxe8+ Qxe8 18. Qf3 Qc6 19. Qxc6 bxc6 20. Rd1 a5
21. c5 Bxg3 22. fxg3 h6 23. Bf4 Rb8 24. Rd2 Rb7 25. Kf2 a4 26. Ke3 Bb1 27. a3
Ba2 28. Kd3 Be6 29. Kc2 Bd5 30. g4 Kh7 31. Be3 1/2-1/2

[Event "17. Europa ch Juvenil - Masculino s18"]
[Site "Sibenik CRO"]
[Date "2007.09.16"]
[Round "3.28"]
[White "Baryshpolets, Andrey"]
[Black "Thomassen, Joachim"]
[Result "0-1"]
[WhiteElo "2307"]
[BlackElo "2075"]
[PlyCount "58"]
[EventDate "2007.09.14"]
[EventType "swiss"]
[EventRounds "9"]
[EventCountry "CRO"]
[Source "lmi"]
[SourceDate "2007.09.14"]

1. d4 d5 2. c4 c6 3. Nf3 Nf6 4. Nc3 e6 5. Bg5 dxc4 6. e4 b5 7. e5 h6 8. Bh4 g5
9. Nxg5 hxg5 10. Bxg5 Nbd7 11. exf6 Bb7 12. g3 c5 13. d5 Nxf6 14. Bg2 Be7 15.
O-O Nxd5 16. Bxe7 Kxe7 17. Nxb5 Qb6 18. Na3 Rh4 19. Re1 Rd4 20. Qe2 Nf4 21.
gxf4 Bxg2 22. Kxg2 Rg8+ 23. Kf1 Qb7 24. f3 Rd2 25. Qe3 Qd5 26. Qe4 Qh5 27. Re2
Rd4 28. Qe3 Rd3 29. Qe5 Qh3+ 0-1

[Event "17. Europa ch Juvenil - Masculino s18"]
[Site "Sibenik CRO"]
[Date "2007.09.16"]
[Round "3.30"]
[White "Novosel, Tomislav"]
[Black "Guramishvili, Sopiko"]
[Result "1/2-1/2"]
[WhiteElo "2072"]
[BlackElo "2273"]
[PlyCount "60"]
[EventDate "2007.09.14"]
[EventType "swiss"]
[EventRounds "9"]
[EventCountry "CRO"]
[Source "lmi"]
[SourceDate "2007.09.14"]

1. d4 Nf6 2. Nf3 e6 3. c4 d5 4. Nc3 Bb4 5. cxd5 exd5 6. Bg5 O-O 7. Rc1 Be6 8.
e3 Nbd7 9. a3 Be7 10. Bd3 c5 11. O-O c4 12. Bb1 b5 13. Qc2 g6 14. Nxb5 Rb8 15.
Nc3 Qb6 16. Ne5 Rfe8 17. Nxd7 Nxd7 18. Bxe7 Rxe7 19. e4 dxe4 20. Qxe4 Rbe8 21.
Qf4 f5 22. Rc2 Nf6 23. Ba2 Bf7 24. d5 Ne4 25. Bxc4 Nxc3 26. Rxc3 Qxb2 27. Qc1
Qxc1 28. Rcxc1 Rd8 29. Rfd1 Red7 30. Kf1 a5 1/2-1/2

[Event "17. Europa ch Juvenil - Masculino s18"]
[Site "Sibenik CRO"]
[Date "2007.09.16"]
[Round "3.31"]
[White "Sarapik, Kristjan"]
[Black "Galazewski, Tomasz"]
[Result "0-1"]
[WhiteElo "2060"]
[BlackElo "2259"]
[PlyCount "72"]
[EventDate "2007.09.14"]
[EventType "swiss"]
[EventRounds "9"]
[EventCountry "CRO"]
[Source "lmi"]
[SourceDate "2007.09.14"]

1. e4 c5 2. f4 d5 3. exd5 Qxd5 4. Nc3 Qd8 5. Nf3 Nf6 6. Ne5 a6 7. Qf3 e6 8. b3
Bd6 9. Bb2 Qc7 10. Ne4 Nxe4 11. Qxe4 f6 12. Nf3 Nc6 13. Bc4 Bd7 14. O-O-O O-O-O
15. Bxe6 Bxf4 16. Bxd7+ Rxd7 17. Qf5 Nd4 18. Nxd4 cxd4 19. Bxd4 Bxh2 20. Be3
Rhd8 21. Bb6 Qxb6 22. Rxh2 g6 23. Qe4 f5 24. Qf4 Qf6 25. c3 g5 26. Qf2 Kb8 27.
Rhh1 Rxd2 28. Rxd2 Qxc3+ 29. Kd1 Qa1+ 30. Ke2 Re8+ 31. Kd3 Qxh1 32. Qg3+ f4 33.
Qxg5 Qf1+ 34. Kd4 h6 35. Qh4 Qc1 36. Kd3 Re3+ 0-1

[Event "17. Europa ch Juvenil - Masculino s18"]
[Site "Sibenik CRO"]
[Date "2007.09.16"]
[Round "3.32"]
[White "Mustaps, Matiss"]
[Black "Filip, Matej"]
[Result "1-0"]
[WhiteElo "2226"]
[BlackElo "2050"]
[PlyCount "75"]
[EventDate "2007.09.14"]
[EventType "swiss"]
[EventRounds "9"]
[EventCountry "CRO"]
[Source "lmi"]
[SourceDate "2007.09.14"]

1. e4 c5 2. Nf3 e6 3. d4 cxd4 4. Nxd4 Nf6 5. Nc3 Nc6 6. Ndb5 d6 7. Bf4 e5 8.
Bg5 a6 9. Na3 b5 10. Nd5 Be7 11. Bxf6 Bxf6 12. c3 Ne7 13. Nxf6+ gxf6 14. Be2
Bb7 15. Bf3 d5 16. exd5 Bxd5 17. Bxd5 Qxd5 18. Qxd5 Nxd5 19. Nc2 Nf4 20. O-O
Ke7 21. Rfd1 Rhd8 22. Nb4 Ke6 23. g3 Rxd1+ 24. Rxd1 a5 25. Nc6 Nd5 26. f4 Kd6
27. Ne7 Kxe7 28. Rxd5 b4 29. c4 Rd8 30. Rxd8 Kxd8 31. Kf2 h5 32. Ke3 Kd7 33.
Ke4 Ke6 34. f5+ Kd6 35. h4 Ke7 36. g4 hxg4 37. h5 Kf8 38. c5 1-0

[Event "17. Europa ch Juvenil - Masculino s18"]
[Site "Sibenik CRO"]
[Date "2007.09.16"]
[Round "3.33"]
[White "Teixeira, Rafael Goltsman"]
[Black "Vocaturo, Daniele"]
[Result "1/2-1/2"]
[WhiteElo "2188"]
[BlackElo "2459"]
[PlyCount "102"]
[EventDate "2007.09.14"]
[EventType "swiss"]
[EventRounds "9"]
[EventCountry "CRO"]
[Source "lmi"]
[SourceDate "2007.09.14"]

1. e4 c5 2. Nf3 d6 3. d4 cxd4 4. Qxd4 Nc6 5. Bb5 Bd7 6. Bxc6 Bxc6 7. Nc3 Nf6 8.
Bg5 e6 9. O-O-O Be7 10. Qd3 Qa5 11. Kb1 O-O 12. h4 h6 13. Bc1 d5 14. Nd4 Qc7
15. Nxc6 bxc6 16. f4 Bb4 17. e5 Bxc3 18. exf6 Bxf6 19. g4 Bd8 20. h5 e5 21. g5
exf4 22. gxh6 gxh6 23. Rhg1+ Bg5 24. Rdf1 Kh8 25. Qd4+ f6 26. Bxf4 Qb6 27. Qd3
Qb7 28. Bxg5 hxg5 29. Qc3 Qb6 30. Rxg5 d4 31. Qa3 d3 32. Qe7 dxc2+ 33. Kxc2
fxg5 34. Rxf8+ Rxf8 35. Qxf8+ Kh7 36. Qf7+ Kh8 37. Qf6+ Kh7 38. Qg6+ Kh8 39.
Qh6+ Kg8 40. Qxg5+ Kf8 41. Qf5+ Kg7 42. Qg5+ Kf8 43. Kc3 a5 44. Qf6+ Kg8 45.
Qg5+ Kf8 46. a3 Qf2 47. Qh6+ Ke7 48. Qxc6 Qe1+ 49. Kb3 Qd1+ 50. Ka2 Qxh5 51.
Qc4 Kd8 1/2-1/2

[Event "17. Europa ch Juvenil - Masculino s18"]
[Site "Sibenik CRO"]
[Date "2007.09.16"]
[Round "3.34"]
[White "Papp, Tamas"]
[Black "Bizopoulos, Alexandros"]
[Result "1/2-1/2"]
[WhiteElo "2281"]
[BlackElo "2075"]
[PlyCount "83"]
[EventDate "2007.09.14"]
[EventType "swiss"]
[EventRounds "9"]
[EventCountry "CRO"]
[Source "lmi"]
[SourceDate "2007.09.14"]

1. e4 e5 2. Nf3 Nc6 3. d4 exd4 4. Bc4 Nf6 5. e5 d5 6. Bb5 Ne4 7. Nxd4 Bc5 8.
Be3 O-O 9. Nxc6 bxc6 10. Bxc5 Nxc5 11. Bxc6 Rb8 12. O-O d4 13. Nd2 d3 14. Nb3
Nxb3 15. axb3 d2 16. Be4 Bb7 17. Bd3 Qd5 18. f3 Qxe5 19. Qxd2 Qxb2 20. Rxa7 c5
21. Qf2 Qc3 22. Ra4 Bd5 23. Rh4 g6 24. Qe3 Rfd8 25. Qh6 Qg7 26. Qxg7+ Kxg7 27.
Bc4 f5 28. Be2 Bc6 29. Bd3 Bd5 30. Ra1 Bxb3 31. Ra7+ Kf6 32. Raxh7 c4 33. Bf1
Rd1 34. Rc7 Bxc2 35. Kf2 Rb2 36. Rc6+ Kg7 37. Rc7+ Kf6 38. Rc6+ Kg5 39. Kg3 f4+
40. Rxf4 Rxf1 41. Rf8 Rb7 42. Rxc4 1/2-1/2

[Event "17. Europa ch Juvenil - Masculino s18"]
[Site "Sibenik CRO"]
[Date "2007.09.16"]
[Round "3.36"]
[White "Okrosa, Marijan"]
[Black "Roberson, Peter Thomas"]
[Result "0-1"]
[WhiteElo "2012"]
[BlackElo "2209"]
[PlyCount "84"]
[EventDate "2007.09.14"]
[EventType "swiss"]
[EventRounds "9"]
[EventCountry "CRO"]
[Source "lmi"]
[SourceDate "2007.09.14"]

1. d4 Nf6 2. c4 c5 3. d5 e6 4. Nc3 exd5 5. cxd5 d6 6. e4 g6 7. Nf3 Bg7 8. Bb5+
Nbd7 9. Bf4 Qe7 10. O-O O-O 11. Re1 Nh5 12. Bg5 Bf6 13. Bh6 Rd8 14. e5 Nxe5 15.
Nxe5 Bxe5 16. Qd2 a6 17. Bf1 Re8 18. Kh1 Qd8 19. f4 Bd4 20. Rxe8+ Qxe8 21. Re1
Qd8 22. Qe2 Bd7 23. Qe7 Qxe7 24. Rxe7 Nf6 25. Bg5 Rd8 26. Re1 Re8 27. Rxe8+
Bxe8 28. Bxf6 Bxf6 29. Ne4 Be7 30. g3 h6 31. Bh3 f5 32. Nd2 b5 33. b3 Bf6 34.
Kg1 Bc3 35. Nb1 Bd4+ 36. Kh1 Bf7 37. Bg2 Kg7 38. a4 bxa4 39. bxa4 Be8 40. Nd2
Bxa4 41. Nc4 Bb3 42. Nxd6 c4 0-1

[Event "17. Europa ch Juvenil - Masculino s18"]
[Site "Sibenik CRO"]
[Date "2007.09.17"]
[Round "4.1"]
[White "Levin, Evgeny"]
[Black "Llorente Zaro, Alfonso"]
[Result "1-0"]
[WhiteElo "2421"]
[BlackElo "2422"]
[PlyCount "103"]
[EventDate "2007.09.14"]
[EventType "swiss"]
[EventRounds "9"]
[EventCountry "CRO"]
[Source "lmi"]
[SourceDate "2007.09.14"]

1. d4 d6 2. Nf3 Nf6 3. c4 g6 4. Nc3 Bf5 5. Nh4 Bd7 6. e4 e5 7. Nf3 exd4 8. Nxd4
Bg7 9. Be2 O-O 10. O-O Re8 11. f3 Nc6 12. Be3 Nh5 13. Qd2 f5 14. Rad1 f4 15.
Bf2 Be5 16. Rfe1 Nxd4 17. Bxd4 b6 18. b4 a5 19. a3 Nf6 20. c5 axb4 21. axb4
bxc5 22. bxc5 Be6 23. Bb5 Rf8 24. Bc6 Rb8 25. Bxe5 dxe5 26. Qc1 Qe7 27. Nd5
Bxd5 28. exd5 e4 29. Qc4 Kg7 30. Qd4 Kh6 31. d6 Qf7 32. Bxe4 cxd6 33. cxd6 Rbd8
34. Bc6 Nh5 35. Qc5 Qf6 36. d7 Ng7 37. Rd6 Qh4 38. Qf2 Qg5 39. Rd5 Qf6 40. Qc5
Rb8 41. Rde5 Qh4 42. Qe7 Qxe7 43. Rxe7 Nf5 44. Re8 Ne3 45. Rxf8 Rxf8 46. Ra1
Rb8 47. Ra8 Rb1+ 48. Kf2 Rb2+ 49. Ke1 Rc2 50. Re8 Rxc6 51. d8=Q Rc1+ 52. Ke2
1-0

[Event "17. Europa ch Juvenil - Masculino s18"]
[Site "Sibenik CRO"]
[Date "2007.09.17"]
[Round "4.2"]
[White "Kravtsiv, Martyn"]
[Black "Ronchetti, Niccolo"]
[Result "1/2-1/2"]
[WhiteElo "2492"]
[BlackElo "2410"]
[PlyCount "88"]
[EventDate "2007.09.14"]
[EventType "swiss"]
[EventRounds "9"]
[EventCountry "CRO"]
[Source "lmi"]
[SourceDate "2007.09.14"]

1. e4 c5 2. Nf3 Nc6 3. d4 cxd4 4. Nxd4 Nf6 5. Nc3 e5 6. Ndb5 d6 7. Bg5 a6 8.
Na3 b5 9. Nd5 Be7 10. Bxf6 Bxf6 11. c3 Bg5 12. Nc2 Rb8 13. a4 bxa4 14. Ncb4 Bd7
15. Bxa6 Nxb4 16. Nxb4 Qa5 17. Qxd6 Rb6 18. Qd3 Be7 19. Nd5 Rxb2 20. O-O Qc5
21. Rab1 Rxb1 22. Rxb1 O-O 23. Bb5 Be8 24. Bxe8 Rxe8 25. Rb7 Bd6 26. Qa6 a3 27.
g3 Bf8 28. Qa4 Rd8 29. Rc7 Qd6 30. c4 Qe6 31. c5 Rc8 32. Rxc8 Qxc8 33. c6 h6
34. c7 Bd6 35. Qc6 a2 36. Qa4 Qb7 37. Kg2 Bxc7 38. Qe8+ Kh7 39. Qxf7 Kh8 40.
Qf8+ Kh7 41. Qf5+ Kh8 42. Ne7 Qa8 43. Ng6+ Kg8 44. Ne7+ Kh8 1/2-1/2

[Event "17. Europa ch Juvenil - Masculino s18"]
[Site "Sibenik CRO"]
[Date "2007.09.17"]
[Round "4.3"]
[White "Can, Emre"]
[Black "Grigoryan, Avetik"]
[Result "1-0"]
[WhiteElo "2411"]
[BlackElo "2489"]
[PlyCount "131"]
[EventDate "2007.09.14"]
[EventType "swiss"]
[EventRounds "9"]
[EventCountry "CRO"]
[Source "lmi"]
[SourceDate "2007.09.14"]

1. e4 e6 2. d4 d5 3. Nd2 c5 4. exd5 Qxd5 5. Ngf3 cxd4 6. Bc4 Qd6 7. O-O Nf6 8.
Nb3 Nc6 9. Nbxd4 Nxd4 10. Qxd4 Bd7 11. Bf4 Qxd4 12. Nxd4 Rc8 13. Be2 Bc5 14.
Nb3 Bb6 15. c3 Ke7 16. Rad1 Rhd8 17. Bf3 Bc6 18. Bxc6 Rxd1 19. Rxd1 Rxc6 20.
Kf1 Nd5 21. Be5 f6 22. Bd4 e5 23. Bxe5 Nc7 24. Bd4 Ne6 25. Bxb6 Rxb6 26. Rd2
Rb5 27. g3 Rh5 28. Kg2 Re5 29. f4 Re1 30. Kf3 Rf1+ 31. Rf2 Rb1 32. Rd2 b6 33.
Ke4 Re1+ 34. Kd5 Kd7 35. a4 g6 36. a5 h5 37. axb6 axb6 38. Rf2 f5 39. Nd2 Rd1
40. Kc4 Kc6 41. Nf3 b5+ 42. Kb3 Nc5+ 43. Kc2 Rh1 44. Ne5+ Kd5 45. Rd2+ Ke6 46.
Nxg6 Ne4 47. Re2 Rf1 48. Nh4 Kf6 49. Kb3 Rd1 50. Kb4 Rb1 51. Nf3 Nd6 52. Nd4
Ne4 53. Nf3 Nd6 54. b3 Ne4 55. Nd2 Nxd2 56. Rxd2 Ke6 57. Re2+ Kf6 58. h4 Rg1
59. Re3 Rb1 60. c4 bxc4 61. Kxc4 Rc1+ 62. Kb5 Rc8 63. b4 Rb8+ 64. Kc5 Rc8+ 65.
Kd6 Rb8 66. Rb3 1-0

[Event "17. Europa ch Juvenil - Masculino s18"]
[Site "Sibenik CRO"]
[Date "2007.09.17"]
[Round "4.4"]
[White "Olszewski, Michal"]
[Black "Edouard, Romain"]
[Result "1/2-1/2"]
[WhiteElo "2409"]
[BlackElo "2483"]
[PlyCount "136"]
[EventDate "2007.09.14"]
[EventType "swiss"]
[EventRounds "9"]
[EventCountry "CRO"]
[Source "lmi"]
[SourceDate "2007.09.14"]

1. e4 c5 2. Nf3 Nc6 3. d4 cxd4 4. Nxd4 Nf6 5. Nc3 e5 6. Ndb5 d6 7. Bg5 a6 8.
Na3 b5 9. Nd5 Be7 10. Bxf6 Bxf6 11. c3 Bg5 12. Nc2 O-O 13. a4 bxa4 14. Rxa4 a5
15. Bc4 Rb8 16. b3 Kh8 17. Nce3 Bxe3 18. Nxe3 Ne7 19. O-O f5 20. exf5 Bxf5 21.
Qa1 d5 22. Rd1 Qb6 23. Nxd5 Nxd5 24. Rxd5 Bc2 25. Qe1 Bxb3 26. Bxb3 Qxb3 27.
Raxa5 Qxc3 28. Rxe5 Qc2 29. Rac5 Qa2 30. Rf5 Rxf5 31. Rxf5 h6 32. Rc5 Qe6 33.
Rc1 Qxe1+ 34. Rxe1 Rb5 35. g3 Kh7 36. Re6 h5 37. Kg2 g6 38. h3 Rb2 39. Kf3 Kg7
40. Re2 Rb3+ 41. Kf4 Kf6 42. Re3 Rb4+ 43. Kf3 Ra4 44. Rb3 Kf5 45. Rb6 Ra3+ 46.
Kg2 Ra2 47. Rb8 Kf6 48. Rf8+ Kg5 49. Rf7 Rb2 50. Kf3 Rb3+ 51. Kg2 Rb2 52. h4+
Kh6 53. Kf3 Rb3+ 54. Ke4 Rb4+ 55. Kf3 Rb3+ 56. Kg2 Ra3 57. Re7 Ra2 58. Kf3 Ra3+
59. Kf4 Ra2 60. f3 Ra4+ 61. Ke5 Ra3 62. g4 hxg4 63. fxg4 Re3+ 64. Kf6 Rf3+ 65.
Ke6 g5 66. hxg5+ Kxg5 67. Rg7+ Kh4 68. Rg8 Ra3 1/2-1/2

[Event "17. Europa ch Juvenil - Masculino s18"]
[Site "Sibenik CRO"]
[Date "2007.09.17"]
[Round "4.5"]
[White "Szabo, Krisztian"]
[Black "Matsenko, Sergei"]
[Result "1/2-1/2"]
[WhiteElo "2482"]
[BlackElo "2406"]
[PlyCount "49"]
[EventDate "2007.09.14"]
[EventType "swiss"]
[EventRounds "9"]
[EventCountry "CRO"]
[Source "lmi"]
[SourceDate "2007.09.14"]

1. e4 c5 2. Nf3 Nc6 3. d4 cxd4 4. Nxd4 Qc7 5. Nc3 e6 6. Be3 a6 7. Qd2 Nf6 8.
O-O-O Bb4 9. f3 Na5 10. Kb1 Bxc3 11. bxc3 d5 12. Nb3 O-O 13. Bg5 dxe4 14. Bxf6
gxf6 15. Qh6 b6 16. Qxf6 Bb7 17. fxe4 Rac8 18. Qg5+ Kh8 19. Qf6+ Kg8 20. e5
Qxc3 21. Bd3 Nc4 22. Bxh7+ Kxh7 23. Qh4+ Kg7 24. Qg5+ Kh7 25. Qh5+ 1/2-1/2

[Event "17. Europa ch Juvenil - Masculino s18"]
[Site "Sibenik CRO"]
[Date "2007.09.17"]
[Round "4.8"]
[White "Zhigalko, Sergei"]
[Black "Brzeski, Maciej"]
[Result "1-0"]
[WhiteElo "2560"]
[BlackElo "2356"]
[PlyCount "81"]
[EventDate "2007.09.14"]
[EventType "swiss"]
[EventRounds "9"]
[EventCountry "CRO"]
[Source "lmi"]
[SourceDate "2007.09.14"]

1. e4 c5 2. Nf3 Nc6 3. Bb5 g6 4. Bxc6 dxc6 5. d3 Bg4 6. Nbd2 Bg7 7. h3 Bxf3 8.
Nxf3 Nf6 9. O-O Nd7 10. Be3 b6 11. Rb1 e5 12. Qd2 Qe7 13. Bh6 O-O 14. Bxg7 Kxg7
15. Nh2 f6 16. Kh1 h5 17. Rbe1 Rf7 18. Qe3 Rd8 19. b3 Qd6 20. Qg3 Nf8 21. f4
exf4 22. Rxf4 Nd7 23. Nf3 Ne5 24. Nh4 Kh7 25. Ref1 Rg8 26. R4f2 Qe7 27. c3 Rd8
28. Rd2 Rg7 29. Re1 Nf7 30. Qe3 Rd6 31. d4 cxd4 32. cxd4 c5 33. d5 Rg8 34. Rf2
f5 35. Nf3 Qxe4 36. Qxe4 fxe4 37. Nd2 Kg7 38. Nxe4 Rdd8 39. Nf6 Rgf8 40. Re7
Kh6 41. Nd7 1-0

[Event "17. Europa ch Juvenil - Masculino s18"]
[Site "Sibenik CRO"]
[Date "2007.09.17"]
[Round "4.9"]
[White "Hrabusa, Matej"]
[Black "Bindrich, Falko"]
[Result "1/2-1/2"]
[WhiteElo "2277"]
[BlackElo "2504"]
[PlyCount "60"]
[EventDate "2007.09.14"]
[EventType "swiss"]
[EventRounds "9"]
[EventCountry "CRO"]
[Source "lmi"]
[SourceDate "2007.09.14"]

1. e4 c5 2. Nf3 d6 3. d4 cxd4 4. Nxd4 Nf6 5. Nc3 a6 6. Bg5 e6 7. f4 Be7 8. Qf3
h6 9. Bh4 Qc7 10. O-O-O Nbd7 11. Bd3 g5 12. fxg5 Ne5 13. Qe2 Nfg4 14. Nf3 hxg5
15. Bg3 Nxf3 16. gxf3 Ne5 17. f4 gxf4 18. Bxf4 Bd7 19. Rdf1 Rh7 20. h4 O-O-O
21. h5 Rdh8 22. Rh3 Kb8 23. Rfh1 Qd8 24. Qd2 Be8 25. Kb1 Qb6 26. Ne2 Rg8 27.
Be3 Qc7 28. Rg1 Rgh8 29. Rhg3 Nc6 30. Bf4 Ne5 1/2-1/2

[Event "17. Europa ch Juvenil - Masculino s18"]
[Site "Sibenik CRO"]
[Date "2007.09.17"]
[Round "4.10"]
[White "Rakhmanov, Aleksandr"]
[Black "Krstic, Petar"]
[Result "1/2-1/2"]
[WhiteElo "2489"]
[BlackElo "2327"]
[PlyCount "83"]
[EventDate "2007.09.14"]
[EventType "swiss"]
[EventRounds "9"]
[EventCountry "CRO"]
[Source "lmi"]
[SourceDate "2007.09.14"]

1. Nf3 d5 2. d4 e6 3. c4 c6 4. e3 Bd6 5. Qc2 f5 6. b3 Nf6 7. Nbd2 Nbd7 8. Bb2
Ne4 9. Be2 O-O 10. a3 Qe7 11. Ne5 Nxd2 12. Qxd2 Bxe5 13. dxe5 b6 14. h4 Bb7 15.
f3 Rfd8 16. Qc2 dxc4 17. bxc4 c5 18. h5 Nb8 19. Kf2 Nc6 20. Bc3 Qc7 21. Qb2 Rd7
22. Rag1 Rf8 23. g3 Ba6 24. Rh4 Rff7 25. Rf4 Qd8 26. Qb1 g5 27. hxg6 hxg6 28.
Rh4 Rh7 29. Rhh1 Rxh1 30. Rxh1 Rh7 31. g4 Qc7 32. gxf5 gxf5 33. Rxh7 Qxh7 34.
Qg1+ Kf7 35. Qg3 Ne7 36. Qg5 Qg7 37. Qh4 Ng6 38. Qd8 Qh8 39. Qd7+ Ne7 40. Kg2
Qg8+ 41. Kf2 Qh8 42. Kg2 1/2-1/2

[Event "17. Europa ch Juvenil - Masculino s18"]
[Site "Sibenik CRO"]
[Date "2007.09.17"]
[Round "4.11"]
[White "Nestorovic, Nikola"]
[Black "Szekeres, Robert"]
[Result "1/2-1/2"]
[WhiteElo "2424"]
[BlackElo "2209"]
[PlyCount "76"]
[EventDate "2007.09.14"]
[EventType "swiss"]
[EventRounds "9"]
[EventCountry "CRO"]
[Source "lmi"]
[SourceDate "2007.09.14"]

1. e4 c5 2. Nf3 e6 3. d4 cxd4 4. Nxd4 a6 5. Bd3 Nc6 6. Nxc6 dxc6 7. O-O e5 8.
Nd2 Nf6 9. Nc4 Qc7 10. f4 Ng4 11. Qf3 Be6 12. h3 Bc5+ 13. Kh1 h5 14. fxe5 O-O-O
15. Bf4 Rdg8 16. Nd6+ Kb8 17. Bc4 g5 18. Bxe6 fxe6 19. Qc3 Ba7 20. Bg3 h4 21.
Rf7 hxg3 22. Qxg3 Nf2+ 23. Kh2 Qb6 24. Rf1 Rf8 25. R1xf2 Rxf7 26. Nxf7 Rf8 27.
Qa3 Rg8 28. Qd6+ Ka8 29. Rf1 g4 30. hxg4 Qxb2 31. Qxe6 Qxc2 32. Qf5 c5 33. Nd6
Rh8+ 34. Kg3 Qc3+ 35. Rf3 Qe1+ 36. Kf4 Qd2+ 37. Kg3 Qe1+ 38. Kf4 Qd2+ 1/2-1/2